Lift the Flap: Discover the Wonders of our Planet (Record no. 48002)
| 000 -LEADER | |
|---|---|
| fixed length control field | 00428nam a22001217a 4500 |
| 008 - FIXED-LENGTH DATA ELEMENTS--GENERAL INFORMATION | |
| fixed length control field | 241128b |||||||| |||| 00| 0 eng d |
| 020 ## - INTERNATIONAL STANDARD BOOK NUMBER | |
| International Standard Book Number | 9788854045484 |
| 100 ## - MAIN ENTRY--PERSONAL NAME | |
| Personal name | Emanuela Pagliari, Diego Mattarelli, Enrica Soroldon (Text by), Lorenzo Sabbatini (illustrator's) |
| 9 (RLIN) | 85802 |
| 245 ## - TITLE STATEMENT | |
| Title | Lift the Flap: Discover the Wonders of our Planet |
| 260 ## - PUBLICATION, DISTRIBUTION, ETC. (IMPRINT) | |
| Place of publication, distribution, etc | Italy |
| Name of publisher, distributor, etc | Vmb Pubishers |
| Date of publication, distribution, etc | 2020 |
| 300 ## - PHYSICAL DESCRIPTION | |
| Extent | 19 p |
| Other physical details | col. ill. |
| Dimensions | 37 cm. |
| 942 ## - ADDED ENTRY ELEMENTS (KOHA) | |
| Source of classification or shelving scheme | |
| Withdrawn status | Lost status | Source of classification or shelving scheme | Damaged status | Not for loan | Collection code | Home library | Current library | Date acquired | Total Checkouts | Full call number | Barcode | Date last seen | Price effective from | Koha item type |
|---|---|---|---|---|---|---|---|---|---|---|---|---|---|---|
| Non-Fiction | Asian Hope Siem Reap | Asian Hope Siem Reap | 11/28/2024 | 484 EMA | 207732 | 11/28/2024 | 11/28/2024 | Book |